Introduction to linear regression analysis / (Record no. 543978)

000 -LEADER
fixed length control field 00874pam a2200229 a 4500
020 ## - INTERNATIONAL STANDARD BOOK NUMBER
International Standard Book Number 0471533874 (alk. paper) :
082 00 - DEWEY DECIMAL CLASSIFICATION NUMBER
Classification number 519.536
Author Mark MON
-- L-39, P163
100 1# - MAIN ENTRY--PERSONAL NAME
Personal name Montgomery, Douglas C.
9 (RLIN) 18348
245 10 - TITLE STATEMENT
Title Introduction to linear regression analysis /
Statement of responsibility, etc. Douglas C. Montgomery, Elizabeth A. Peck.
250 ## - EDITION STATEMENT
Edition statement 2nd ed.
260 ## - PUBLICATION, DISTRIBUTION, ETC.
Place of publication, distribution, etc. New York :
Name of publisher, distributor, etc. Wiley,
Date of publication, distribution, etc. c1992.
300 ## - PHYSICAL DESCRIPTION
Extent xiv, 527 p. :
Other physical details ill. ;
Dimensions 25 cm.
500 ## - GENERAL NOTE
General note "A Wiley-Interscience publication."
526 ## - STUDY PROGRAM INFORMATION NOTE
Program name 0
Interest level 0
Reading level 0
Title point value 519_536000000000000_MON
650 #0 - SUBJECT ADDED ENTRY--TOPICAL TERM
Topical term or geographic name entry element MCE
9 (RLIN) 379
650 #0 - SUBJECT ADDED ENTRY--TOPICAL TERM
Topical term or geographic name entry element Regression analysis.
9 (RLIN) 26737
700 1# - ADDED ENTRY--PERSONAL NAME
Personal name Peck, Elizabeth A.,
9 (RLIN) 39495
856 41 - ELECTRONIC LOCATION AND ACCESS
Uniform Resource Identifier <a href="http://www.loc.gov/catdir/enhancements/fy0608/91021553-t.html">http://www.loc.gov/catdir/enhancements/fy0608/91021553-t.html</a>
856 42 - ELECTRONIC LOCATION AND ACCESS
Uniform Resource Identifier <a href="http://www.loc.gov/catdir/enhancements/fy0608/91021553-d.html">http://www.loc.gov/catdir/enhancements/fy0608/91021553-d.html</a>
856 42 - ELECTRONIC LOCATION AND ACCESS
Uniform Resource Identifier <a href="http://www.loc.gov/catdir/enhancements/fy0609/91021553-b.html">http://www.loc.gov/catdir/enhancements/fy0609/91021553-b.html</a>
942 ## - ADDED ENTRY ELEMENTS (KOHA)
Source of classification or shelving scheme
Koha item type Book
Holdings
Withdrawn status Lost status Source of classification or shelving scheme Damaged status Not for loan Permanent Location Current Location Date acquired Total Checkouts Full call number Barcode Date last seen Price effective from Koha item type
          Military College of Engineering (MCE) Military College of Engineering (MCE) 04/09/2014   519.536 MON MCE-42796 04/09/2014 04/09/2014 Book
© 2023 Central Library, National University of Sciences and Technology. All Rights Reserved.